=LDR 00000nam 2200000 4500 =001 INLIS000000000020820 =005 20130612115735 =008 ***********************************Ind** =035 ##$$0010-061300000020820 =041 ##$$a Ind =082 ##$$a 372.2 =090 ##$$a 372.2 , Ang m =100 ##$$a Angelia, Tia =245 ##$$a Melatih kecerdasan anak untuk TK sesuai GBPP TK, Tia Ange =260 ##$$a [s.a] $b Surabaya =300 ##$$a 32 hlm., Ilus., 21 cm =650 ##$$a Pendidikan Dasar =850 ##$$a NBPNMAT